00856nam a2200217 i 4500001000700000003000700007005001700014008004100031080002700072100002800099245009500127260010100222300002200323490006200345504003400407600002500441700002800466710002900494830006200523852005300585187206SpMaBN20250628053940.0170505s1988 ck |||| | spa d a875 Homero 7 Odisea.061 aRamos, Óscar Gerardo.10aCategorías de la epopeya / cÓscar Gerardo Ramos ; [prólogo, Ignacio Chaves Cuevas]. aBogotá : b[Instituto Caro y Cuervo], c1988 (fImp. Patriótica del Instituto Caro y Cuervo) a135 p. ; c21 cm.1 aPublicaciones del Instituto Caro y Cuervo. aMinor ; v31 aBibliografía: p. [129]-133.07aHomero. tLa Odisea.1 aChaves Cuevas, Ignacio.2 aInstituto Caro y Cuervo.0 aPublicaciones del Instituto Caro y Cuervo. aMinor ; v31 aES-MaACLcDEPO2hDonativo José Prat jL-31550